000 00627nam a2200265Ia 4500
005 20260121165351.0
008 008 260114s9999 xx 000 0 eng d
020 _a9789463006811
037 _aEBOOK
040 _aCRL
040 _beng
040 _cCRL
041 _2eng
041 _aeng
084 _qCRL
100 _aH. M. Evans, T. P. Burt
_91050824
245 4 _aThe Collegiate Way
260 _bSpringer
260 _bSpringer
260 _c2016
856 _uhttps://link.springer.com/openurl?genre=book&isbn=978-94-6300-681-1
942 _cEBOOK
999 _c1616549
_d1616549